000 00241nam a2200097Ia 4500
001 683355
005 20250826161436.0
008 250824s9999 xx 000 0 und d
245 0 _a1071 MALAZGİRT
_cMUHARREM KESİK
260 _bTİMAŞ YAYINLARI
999 _c683355
_d683355